000 00302nam a22001217a 4500
020 _a9781408855652
040 _cNUST
082 _a823
_bROW
100 _a Rowling, J K
_911309
245 _a Harry Potter And The Philosophers Stone
260 _aUK:
_bBloomsbury Publishing,
_c2014.
942 _2ddc
_cBK
999 _c586222
_d586222